Театр. Кн. 2 (Запись № 9926498)

Подробности
000 -МАРКЕР
контрольное поле 01154nam2a2200241 i 4500
001 - ИДЕНТИФИКАТОР ЗАПИСИ
контрольное поле RU\NLR\BIBL_A\010450665
005 - ИДЕНТИФИКАТОР ВЕРСИИ
контрольное поле 20240728161023.0
010 ## - МЕЖДУНАРОДНЫЙ СТАНДАРТНЫЙ НОМЕР КНИГИ (ISBN)
Номер (ISBN) 50934572011
Тираж 200
035 ## - ДРУГИЕ СИСТЕМНЫЕ НОМЕРА
Идентификатор записи (NLR Aleph) 010450665
100 ## - ДАННЫЕ ОБЩЕЙ ОБРАБОТКИ
Данные общей обработки 20140813d2012 y0rusy50 ca
101 0# - ЯЗЫК РЕСУРСА
Язык текста, звукозаписи и т.д. русский
102 ## - СТРАНА ПУБЛИКАЦИИ ИЛИ ПРОИЗВОДСТВА
Страна публикации Российская Федерация
105 ## - ПОЛЕ КОДИРОВАННЫХ ДАННЫХ: ТЕКСТОВЫЕ МАТЕРИАЛЫ, МОНОГРАФИЧЕСКИЕ
Кодированные данные о монографическом текстовом документе y ||z||||||a
200 0# - ЗАГЛАВИЕ И СВЕДЕНИЯ ОБ ОТВЕТСТВЕННОСТИ
Основное заглавие Кн. 2
210 ## - ПУБЛИКАЦИЯ, РАСПРОСТРАНЕНИЕ И ДР.
Дата издания, распространения и т.д. 2012
215 ## - ФИЗИЧЕСКАЯ ХАРАКТЕРИСТИКА
Специфическое обозначение материала и объем 407, [1] с.
327 1# - ПРИМЕЧАНИЯ О СОДЕРЖАНИИ
Текст примечания Содерж.: Священная дилогия: 1. Давид, Царь иудейский. 2. Соломон, сын Давида; Шлейф; Отошедшие; Доблесть Авеля; Патрик и Оссиан; Мельница; Гора поэтов; Зрелость Царицы даров; Из грязи в князи; Таверна
461 #0 - УРОВЕНЬ НАБОРА
Встроенное поле 001RU\NLR\bibl\1056798
-- 2000#$aТеатр$fМихаил Ловин$vКн. 2
-- 700#1$aЛовин$bМ. В.$f1975-$gМихаил Валерьевич$4070
Системный номер (АБИС) связанной записи 837071
Автор Ловин, М. В. (1975-)
Место публикации С.-Петербург
Дата публикации 2007
Первые сведения об ответственности Михаил Ловин
Имя издателя, распространителя и т.д. [б. и.]
Заглавие Театр
Номер тома Кн. 2
942 ## - ДОПОЛНИТЕЛЬНЫЕ ЭЛЕМЕНТЫ ЗАПИСИ (АБИС)
Тип экземпляра АБИС Книга
980 ## - КОЛЛЕКЦИЯ
Название коллекции НБР

Нет доступных экземпляров.